000 00684cam a22002533a 4500
001 26751
003 PGUSA
005 20140828083557.0
008 081002s2008||||xxu|||||s|||||000 1 eng d
040 _aPGUSA
_beng
042 _adc
100 1 _aEgan, Jack
245 1 0 _aCully
_h[electronic resource] /
_cJack Egan
260 _bProject Gutenberg,
_c2008
506 _aPublic domain in the USA.
516 _aElectronic text
653 _aScience fiction
653 _aShort stories
653 _aPsychological fiction
700 1 _aSchelling, George Luther,
_d1938-
830 0 _aProject Gutenberg
_v26751
856 4 0 _uhttp://www.gutenberg.org/ebooks/26751
942 _cEB
999 _c256006
_d256006